Dresden China (Record no. 2297)
[ view plain ]
| 000 -CABECERA | |
|---|---|
| campo de control de longitud fija | 00627nam a2200205 a 4500 |
| 001 - NÚMERO DE CONTROL | |
| campo de control | BRCA_2557 |
| 005 - FECHA Y HORA DE LA ÚLTIMA TRANSACCIÓN | |
| campo de control | 20190320203850.0 |
| 008 - DATOS DE LONGITUD FIJA--INFORMACIÓN GENERAL | |
| campo de control de longitud fija | 261108s1946----nyua---###---#000-0#eng-# |
| 050 #4 - SIGNATURA TOPOGRÁFICA DE LA BIBLIOTECA DEL CONGRESO | |
| Número de clasificación | NK4380 |
| Número de documento/Ítem | .H66 1946 |
| 100 1# - ENTRADA PRINCIPAL--NOMBRE DE PERSONA | |
| Nombre de persona | Honey, William Bowyer |
| 9 (RLIN) | 7321 |
| 245 10 - MENCIÓN DE TÍTULO | |
| Título | Dresden China |
| Resto del título | an introduction to the study of Meissen porcelain |
| Mención de responsabilidad, etc. | by W.B. Honey. |
| 260 ## - PUBLICACIÓN, DISTRIBUCIÓN, ETC. | |
| Lugar de publicación, distribución, etc. | Troy, Nueva York |
| Nombre del editor, distribuidor, etc. | D. Rosenfeld |
| Fecha de publicación, distribución, etc. | 1946 |
| 300 ## - DESCRIPCIÓN FÍSICA | |
| Extensión | 223 p. |
| Otras características físicas | il., 61 láminas |
| Dimensiones | 23 cm. |
| 500 ## - NOTA GENERAL | |
| Nota general | Incluye índice alfabético |
| 500 ## - NOTA GENERAL | |
| Nota general | A37 |
| 650 14 - PUNTO DE ACCESO ADICIONAL DE MATERIA--TÉRMINO DE MATERIA | |
| Término de materia o nombre geográfico como elemento de entrada | Dresden, Cerámica de |
| 9 (RLIN) | 7322 |
| 650 14 - PUNTO DE ACCESO ADICIONAL DE MATERIA--TÉRMINO DE MATERIA | |
| Término de materia o nombre geográfico como elemento de entrada | Cerámica |
| Subdivisión geográfica | Alemania |
| 9 (RLIN) | 7323 |
| 902 ## - CATALOGADOR | |
| Iniciales | GFM |
| 942 ## - ELEMENTOS DE PUNTO DE ACCESO ADICIONAL (KOHA) | |
| Fuente del sistema de clasificación o colocación | Library of Congress Classification |
| Tipo de ítem Koha | Libros |
| Estado de retiro | Estado de pérdida | Estado dañado | No para préstamo | Localización permanente | Ubicación/localización actual | Fecha de adquisición | Número de inventario | Total de préstamos | Signatura topográfica completa | Código de barras | Fecha visto por última vez | Precio válido a partir de | Tipo de ítem Koha |
|---|---|---|---|---|---|---|---|---|---|---|---|---|---|
| El ejemplar forma parte de la colección y puede ser consultado según las políticas vigentes. | Biblioteca del Museo Franz Mayer (Rogerio Casas-Alatriste) | Biblioteca del Museo Franz Mayer (Rogerio Casas-Alatriste) | 26/11/2008 | A37 | NK4380 .H66 1946 (A37) | 2554 | 22/03/2019 | 22/03/2019 | Libros |